Album de un viaje por la República de Chile

Gorde:
Xehetasun bibliografikoak
Egile nagusia: Gay, Claudio (1800-1873)
Formatua: Liburua
Hizkuntza:gaztelania
ingelesa
Argitaratua: Santiago Origo 2009
Edizioa:1a. ed
Gaiak:
Etiketak: Etiketa erantsi
Etiketarik gabe, Izan zaitez lehena erregistro honi etiketa jartzen!

MARC

LEADER 00000nam a2200000 a 4500
001 UCH8773
003 CL-VaPUC
008 091211e20090000CL |||||||||||||||||spa|d
020 |a 9789563160406 
041 0 7 |a spa  |2 CL-VaPUC 
041 0 7 |a eng  |2 CL-VaPUC 
082 0 4 |a 983.05  |b GAY  |2 21 
100 |a Gay, Claudio,  |e 1800-1873  |9 435569 
245 1 0 |a Album de un viaje por la República de Chile 
250 |a 1a. ed 
300 |a 177 p 
942 |c BK 
945 |d 20091211 00:00:00  |a dcastane 
260 |a Santiago  |b Origo  |c 2009 
650 0 |a Historia de Chile  |9 265473 
650 7 |a LAMINAS  |2 CL-VaPUC  |9 372955 
650 7 |a COSTUMBRES  |2 CL-VaPUC  |9 337506 
650 7 |a CULTURA CHILENA  |2 CL-VaPUC  |9 321109 
651 7 |a CHILE  |2 CL-VaPUC  |9 545401 
583 |a last modification  |c 20091211 00:00:00  |k Rodrigo Vera 
999 |c 338881  |d 338879 
952 |0 0  |1 0  |4 0  |6 983_050000000000000_GAY_2009  |7 0  |8 F  |9 432152  |a BIBART  |b BIBART  |d 2019-11-22  |i 4624750  |o 983.05 GAY 2009  |p 4624750  |r 2025-03-13  |w 2019-11-22  |y BK_F  |k ART 
952 |0 0  |1 0  |4 0  |6 983_050000000000000_GAY_2009  |7 0  |8 X  |9 432153  |a FDOBUD  |b FDOBUD  |d 2019-11-22  |i 4687361  |o 983.05 GAY 2009  |p 4687361  |r 2019-11-22  |w 2019-11-22  |y BK_X  |k BUD